most used social media - Statistics

General Stats
  • This quiz has been taken 97 times
  • The average score is 9 of 20
Answer Stats
nr country monthly active
users
Answer % Correct
4. ๐Ÿ‡บ๐Ÿ‡ธ 2B instagram
100%
5. ๐Ÿ‡จ๐Ÿ‡ณ 1.5B TikTok
98%
1. ๐Ÿ‡บ๐Ÿ‡ธ 3B facebook
97%
10. ๐Ÿ‡บ๐Ÿ‡ธ 800M snapchat
93%
15. ๐Ÿ‡บ๐Ÿ‡ธ 550M X (twitter)
88%
2. ๐Ÿ‡บ๐Ÿ‡ธ 2.5B youtube
84%
3. ๐Ÿ‡บ๐Ÿ‡ธ 2B WhatsApp
64%
17. ๐Ÿ‡บ๐Ÿ‡ธ 500M Reddit
45%
8. ๐Ÿ‡ท๐Ÿ‡บ ๐Ÿ‡ฆ๐Ÿ‡ช 950M Telegram
41%
7. ๐Ÿ‡บ๐Ÿ‡ธ 1B Messenger
29%
18. ๐Ÿ‡บ๐Ÿ‡ธ 498M pinterest
28%
9. ๐Ÿ‡บ๐Ÿ‡ธ 930M LinkedIn
26%
6. ๐Ÿ‡จ๐Ÿ‡ณ 1.3B WeChat
24%
16. ๐Ÿ‡จ๐Ÿ‡ณ 517M Qzone
20%
13. ๐Ÿ‡จ๐Ÿ‡ณ 586M Weibo
10%
11. ๐Ÿ‡จ๐Ÿ‡ณ 755M Douyin
8%
19. ๐Ÿ‡บ๐Ÿ‡ธ 400M Quora
8%
14. ๐Ÿ‡จ๐Ÿ‡ณ 554M QQ
7%
12. ๐Ÿ‡จ๐Ÿ‡ณ 700M Kuaishou
3%
20. ๐Ÿ‡ฎ๐Ÿ‡ณ 300M JOSH
1%
No matching quizzes found
Score Distribution
Percent of People with Each Score
Percentile by Number Answered
Your Score History
You have not taken this quiz